| 000 | 00766nas a2200253 4500 | ||
|---|---|---|---|
| 001 | 129015 | ||
| 003 | ES-MaBCM | ||
| 005 | 20241016144345.0 | ||
| 008 | 060620 1932 bel fre | ||
| 021 | _axx | ||
| 035 | _a(OCoLC)1365177276 | ||
| 040 | _cES-MaBCM | ||
| 041 | 0 | _afre | |
| 043 | _abel | ||
| 245 | 1 | 0 |
_aAnnuaire de documentation coloniale comparée _b= Yearbook colonial documentation |
| 260 |
_aBruxelles : _b[s.n.], _c1932- _fEtab. Généraux d'Imprimerie |
||
| 300 |
_av. _c28 cm |
||
| 440 | 0 |
_aBibliothèque Coloniale Internationale = International Colonial Library _9109859 _vII |
|
| 500 | _aDescripción basada en el año 1932 | ||
| 505 | 1 | _aComprende: 1932 | |
| 650 | 2 | 7 |
_aColonialismo _957957 |
| 651 | 4 |
_aFrancia _9115364 |
|
| 942 | _cCR | ||
| 999 |
_c129015 _d129015 |
||